000 00799nam a2200229Ii 4500
003 JO-AjNU
008 230605s9999||||xx |||||||||||||| ||und||
017 _a1992/7840
020 _a977-270-020-4
040 _aJO-AjNU
_bara
_erda
_cJO-AjNU
041 _aara
050 1 4 _aBP144.I26 1993
100 3 _aالحراني، تقي الدين احمد عبد الحليم بن تيميه ، دراسة وتحقيق أحمد عبد الله باجور,
_eauthor
_935166
245 0 0 _aأحاديث القصاص
250 _aط1
264 3 1 _aالقاهرة: الدار المصرية اللبنانية، 1993
300 _a148ص
336 _atext
_btxt
_2rdacontent
337 _aunmediated
_bn
_2rdamedia
338 _avolume
_bnc
_2rdacarrier
650 4 _aالحديث الموضوع
_935167
999 _aA14491
_c18059
_d18059